[Event "MNT-chT"]
[Site "Herceg Novi"]
[Date "2025.05.06"]
[Round "7.14"]
[White "Nikcevic, Nebojsa"]
[Black "Pastar, Slaven"]
[Result "1-0"]
[WhiteElo "2340"]
[BlackElo "2359"]
[PlyCount "169"]
[EventDate "2025.05.01"]
[EventType "team-tourn"]
[EventRounds "9"]
[EventCountry "MNE"]
[SourceTitle "CB20_2025"]
[SourceDate "2025.05.14"]
[SourceVersion "1"]
[SourceVersionDate "2025.05.14"]
[SourceQuality "1"]
[WhiteTeam "Herceg Novi"]
[BlackTeam "Prosvjeta"]
[WhiteTeamCountry "MNE"]
[BlackTeamCountry "MNE"]

1. d4 Nf6 2. Nf3 e6 3. e3 b6 4. Bd3 Bb7 5. 0-0 d5 6. c4 Bd6 7. cxd5 exd5 8. Nc3 Nbd7 9. Qc2 0-0 10. Nb5 Qe7 11. Nxd6 Qxd6 12. b4 a6 13. a4 Rfc8 14. Ba3 c6 15. a5 b5 16. Rfe1 Re8 17. Nd2 Re7 18. f3 Rae8 19. Nf1 Nf8 20. Bb2 Ne6 21. Bc3 Bc8 22. Rad1 Qc7 23. Qf2 h5 24. Bb1 Bd7 25. h3 Nf8 26. Ng3 Qc8 27. Bd2 Ng6 28. e4 dxe4 29. fxe4 h4 30. Nf5 Bxf5 31. exf5 Rxe1+ 32. Rxe1 Ne7 33. Re5 Nd7 34. Re4 Nd5 35. Qxh4 N5f6 36. Rxe8+ Qxe8 37. Qe1 Qf8 38. Ba2 Qd6 39. Qe3 Kf8 40. Qf4 Qe7 41. Kf1 Kg8 42. Be1 Qe8 43. Qf3 Ne4 44. Bb1 Ndf6 45. Qf4 Qe7 46. Qb8+ Qf8 47. Qxf8+ Kxf8 48. Ke2 Nd6 49. g4 Nd5 50. Kf3 f6 51. h4 Ne7 52. Bd3 Kf7 53. Bg3 Nc4 54. g5 Nd5 55. g6+ Kg8 56. Bxc4 bxc4 57. Bd6 Kh8 58. h5 Kg8 59. Ke2 Nc3+ 60. Ke1 Nd5 61. Kd2 Kh8 62. Bg3 Kg8 63. Bd6 Kh8 64. Ke2 Nc3+ 65. Kf3 Nd5 66. Ke2 Nc3+ 67. Ke1 Nd5 68. Bc5 Kg8 69. Kd2 Kh8 70. Kc2 Kg8 71. Kb2 Kh8 72. Bf8 Kg8 73. h6 gxh6 74. Bxh6 Kh8 75. Kc2 Kg8 76. Bd2 Kg7 77. Be1 Kf8 78. Kd2 Ke7 79. Ke2 Nc7 80. Kf3 Nd5 81. b5 cxb5 82. Ke4 Nc7 83. Bb4+ Ke8 84. d5 Kd7 85. g7 1-0

[Event "ITA-chT Final 56th"]
[Site "Darfo Boario Terme"]
[Date "2025.04.13"]
[Round "9.33"]
[White "Lazic, Miroljub"]
[Black "Nikcevic, Nebojsa"]
[Result "1/2-1/2"]
[WhiteElo "2279"]
[BlackElo "2340"]
[PlyCount "35"]
[EventDate "2025.04.07"]
[EventType "team-swiss"]
[EventRounds "9"]
[EventCountry "ITA"]
[SourceTitle "CB16_2025"]
[SourceDate "2025.04.16"]
[SourceVersion "1"]
[SourceVersionDate "2025.04.16"]
[SourceQuality "1"]
[WhiteTeam "Milan Accademia"]
[BlackTeam "Mimosa Elite"]
[WhiteTeamCountry "ITA"]
[BlackTeamCountry "ITA"]

1. Nf3 Nf6 2. b3 d5 3. Bb2 e6 4. g3 Be7 5. Bg2 0-0 6. 0-0 b6 7. c4 Bb7 8. e3 c5 9. Qe2 Re8 10. d3 Nc6 11. Rd1 dxc4 12. dxc4 Qc7 13. Nc3 Rad8 14. Ne1 Rxd1 15. Rxd1 Rd8 16. Nd3 Ne8 17. Ne4 Nb4 18. Nxb4 1/2-1/2

[Event "ITA-chT Final 56th"]
[Site "Darfo Boario Terme"]
[Date "2025.04.10"]
[Round "5.37"]
[White "Molon, Andrea"]
[Black "Nikcevic, Nebojsa"]
[Result "0-1"]
[WhiteElo "1872"]
[BlackElo "2340"]
[PlyCount "64"]
[EventDate "2025.04.07"]
[EventType "team-swiss"]
[EventRounds "9"]
[EventCountry "ITA"]
[SourceTitle "CB16_2025"]
[SourceDate "2025.04.16"]
[SourceVersion "1"]
[SourceVersionDate "2025.04.16"]
[SourceQuality "1"]
[WhiteTeam "Il Grifone D’Arzignano"]
[BlackTeam "Mimosa Elite"]
[WhiteTeamCountry "ITA"]
[BlackTeamCountry "ITA"]

1. d4 Nf6 2. c4 e6 3. Nc3 Bb4 4. Bd2 d5 5. e3 c6 6. Nf3 Nbd7 7. Rc1 0-0 8. Bd3 dxc4 9. Bxc4 Qe7 10. 0-0 e5 11. a3 Bd6 12. Qc2 e4 13. Ng5 Nb6 14. Ncxe4 Nxe4 15. Bxf7+ Rxf7 16. Nxe4 Bf5 17. f3 Re8 18. Qb3 Bxe4 19. fxe4 Qe6 20. Qxe6 Rxe6 21. e5 Be7 22. Rf4 c5 23. Re4 Nd5 24. dxc5 Rf5 25. Ra4 Rfxe5 26. Rxa7 Rc6 27. Rxb7 Rxc5 28. Rf1 Bf6 29. Rd1 Nxe3 30. Bxe3 Rxe3 31. Rdd7 h5 32. a4 Re2 0-1

[Event "ITA-chT Final 56th"]
[Site "Darfo Boario Terme"]
[Date "2025.04.10"]
[Round "6.37"]
[White "Nasuta, Grzegorz"]
[Black "Nikcevic, Nebojsa"]
[Result "1-0"]
[WhiteElo "2494"]
[BlackElo "2340"]
[PlyCount "133"]
[EventDate "2025.04.07"]
[EventType "team-swiss"]
[EventRounds "9"]
[EventCountry "ITA"]
[SourceTitle "CB16_2025"]
[SourceDate "2025.04.16"]
[SourceVersion "1"]
[SourceVersionDate "2025.04.16"]
[SourceQuality "1"]
[WhiteTeam "Dragone Master"]
[BlackTeam "Mimosa Elite"]
[WhiteTeamCountry "ITA"]
[BlackTeamCountry "ITA"]

1. e4 e5 2. Nf3 Nf6 3. Nxe5 d6 4. Nf3 Nxe4 5. d4 d5 6. Bd3 Nc6 7. 0-0 Be7 8. Re1 Nf6 9. c3 0-0 10. Nbd2 Bg4 11. Nf1 Re8 12. Bf4 Bd6 13. Rxe8+ Qxe8 14. Bxd6 cxd6 15. Ne3 Be6 16. Nd2 g6 17. f4 Bf5 18. Nxf5 gxf5 19. Nf1 Qe6 20. Qf3 Kh8 21. Ne3 Ne4 22. Re1 Ne7 23. Re2 Rg8 24. g3 Qd7 25. a3 a5 26. Qh5 Rg7 27. Rg2 Qe6 28. Qf3 Qd7 29. Qe2 Qe6 30. Bc2 Ng8 31. c4 dxc4 32. d5 Qc8 33. Nxf5 Qxf5 34. Qxc4 Ngf6 35. Re2 Qxf4 36. Bxe4 Rg8 37. Qc3 Qe5 38. Qxe5 dxe5 39. Bf5 Rd8 40. Rxe5 b6 41. Bc2 Nxd5 42. Bb3 Nf6 43. Rb5 Kg7 44. Rxb6 Rd2 45. Rb7 Nd7 46. Rb5 Rxb2 47. Bc4 Rxb5 48. Bxb5 Nb6 49. Kf2 Kf6 50. Kf3 h6 51. Ke4 Ke6 52. Kd4 Kd6 53. Be2 f6 54. Ke4 Ke6 55. Bb5 Ke7 56. Kf5 Kf7 57. h4 Nc8 58. Bc4+ Ke7 59. Kg6 Nd6 60. Bd3 Nf7 61. Bc2 Ne5+ 62. Kxh6 Kf8 63. Bb3 Nf3 64. Kg6 f5 65. h5 Ne5+ 66. Kxf5 Nc6 67. h6 1-0

[Event "ITA-chT Final 56th"]
[Site "Darfo Boario Terme"]
[Date "2025.04.08"]
[Round "3.29"]
[White "Petrov, Martin"]
[Black "Nikcevic, Nebojsa"]
[Result "1/2-1/2"]
[WhiteElo "2538"]
[BlackElo "2340"]
[PlyCount "95"]
[EventDate "2025.04.07"]
[EventType "team-swiss"]
[EventRounds "9"]
[EventCountry "ITA"]
[SourceTitle "CB16_2025"]
[SourceDate "2025.04.16"]
[SourceVersion "1"]
[SourceVersionDate "2025.04.16"]
[SourceQuality "1"]
[WhiteTeam "UST"]
[BlackTeam "Mimosa Elite"]
[WhiteTeamCountry "ITA"]
[BlackTeamCountry "ITA"]

1. e4 e5 2. Nf3 Nf6 3. d4 Nxe4 4. dxe5 d5 5. Nbd2 Nxd2 6. Bxd2 Be7 7. Bd3 c5 8. c3 Nc6 9. 0-0 Bg4 10. Re1 h6 11. h3 Be6 12. b4 b6 13. bxc5 bxc5 14. Qa4 Rc8 15. Rab1 Qd7 16. Qa6 0-0 17. Rb7 Rc7 18. Rxc7 Qxc7 19. Bb1 Rb8 20. Qd3 g6 21. Qe3 Bf8 22. h4 Rb2 23. c4 d4 24. Qa3 Rxb1 25. Rxb1 Bxc4 26. Bf4 Be6 27. Qb2 Qd7 28. Qb7 Qxb7 29. Rxb7 Bxa2 30. Rc7 Bd5 31. e6 fxe6 32. Ne5 Nxe5 33. Bxe5 d3 34. Bc3 Bd6 35. Rg7+ Kf8 36. Rxa7 Bf4 37. Ra1 Bb3 38. g3 d2 39. gxf4 d1Q+ 40. Rxd1 Bxd1 41. Kf1 Ke7 42. Ke1 Bg4 43. Bg7 h5 44. Kd2 Kd6 45. Ke3 Kd5 46. Bf6 Kc4 47. Be7 Kb5 48. Ke4 1/2-1/2

[Event "MNT-ch 77th"]
[Site "Podgorica"]
[Date "2025.02.06"]
[Round "8"]
[White "Kadric, Denis"]
[Black "Nikcevic, Nebojsa"]
[Result "1/2-1/2"]
[WhiteElo "2551"]
[BlackElo "2332"]
[PlyCount "112"]
[EventDate "2025.01.31"]
[EventType "swiss"]
[EventRounds "11"]
[EventCountry "MNE"]
[SourceTitle "CB07_2025"]
[SourceDate "2025.02.12"]
[SourceVersion "1"]
[SourceVersionDate "2025.02.12"]
[SourceQuality "1"]

1. e4 e5 2. Nf3 Nc6 3. Bc4 d6 4. 0-0 Be7 5. a4 Nf6 6. d3 0-0 7. a5 a6 8. Nbd2 Be6 9. Bxe6 fxe6 10. Re1 Qd7 11. c3 Rae8 12. Nf1 Bd8 13. Qb3 Qc8 14. Ng3 Na7 15. Be3 c5 16. d4 exd4 17. cxd4 c4 18. Qc2 d5 19. e5 Nd7 20. Ng5 Bxg5 21. Bxg5 Nb5 22. Be3 Nb8 23. Ne2 Re7 24. Rf1 Qe8 25. f4 Qg6 26. Qxg6 hxg6 27. Bd2 Nc6 28. Bc3 Rb8 29. Kf2 Nxc3 30. bxc3 b5 31. axb6 Rxb6 32. Ke3 a5 33. g4 Rb2 34. h4 Ra7 35. Ra4 Rab7 36. Raa1 R7b3 37. Rfd1 Kf7 38. Rd2 Rb1 39. Rxb1 Rxb1 40. Ra2 Ke8 41. f5 gxf5 42. gxf5 exf5 43. Nf4 Rb5 44. Ne6 Kd7 45. Nxg7 Rb3 46. Kd2 f4 47. Kc2 f3 48. Ra1 f2 49. e6+ Kd6 50. Rf1 a4 51. Rxf2 a3 52. Rf7 Ne7 53. h5 Rb2+ 54. Kc1 Rb3 55. Kc2 Rb2+ 56. Kc1 Rb3 1/2-1/2

[Event "MNT-ch 77th"]
[Site "Podgorica"]
[Date "2025.02.05"]
[Round "7"]
[White "Nikcevic, Nebojsa"]
[Black "Vujosevic, Vladimir"]
[Result "1/2-1/2"]
[WhiteElo "2332"]
[BlackElo "2250"]
[PlyCount "60"]
[EventDate "2025.01.31"]
[EventType "swiss"]
[EventRounds "11"]
[EventCountry "MNE"]
[SourceTitle "CB07_2025"]
[SourceDate "2025.02.12"]
[SourceVersion "1"]
[SourceVersionDate "2025.02.12"]
[SourceQuality "1"]

1. d4 Nf6 2. Bg5 Ne4 3. Bf4 d5 4. f3 Nf6 5. Nc3 e6 6. e4 c5 7. Nb5 Na6 8. e5 Nd7 9. c3 Nab8 10. Qd2 Nc6 11. h4 cxd4 12. cxd4 Bb4 13. Nc3 a6 14. Nge2 Nb6 15. Ng3 h5 16. 0-0-0 Bd7 17. Bg5 f6 18. Be3 Rc8 19. Kb1 Na4 20. Rc1 Qa5 21. exf6 gxf6 22. Nge2 Ne7 23. a3 Nxc3+ 24. Nxc3 Bxc3 25. Rxc3 Rxc3 26. Qxc3 Qxc3 27. bxc3 Nf5 28. Bf4 Rg8 29. Kc1 Kf7 30. Rh2 Bb5 1/2-1/2

[Event "Dubrovnik Advent op"]
[Site "Dubrovnik"]
[Date "2024.12.06"]
[Round "3"]
[White "Nenezic, Danilo"]
[Black "Nikcevic, Nebojsa"]
[Result "1-0"]
[WhiteElo "2164"]
[BlackElo "2334"]
[PlyCount "63"]
[EventDate "2024.12.05"]
[EventType "swiss"]
[EventRounds "7"]
[EventCountry "CRO"]
[SourceTitle "CB50_2024"]
[SourceDate "2024.11.01"]
[SourceVersion "1"]
[SourceVersionDate "2024.11.01"]
[SourceQuality "2"]

1. e4 e5 2. Nf3 Nc6 3. Bb5 a6 4. Ba4 b5 5. Bb3 Na5 6. 0-0 d6 7. d4 exd4 8. Nxd4 Bb7 9. Bd2 Nxb3 10. Nxb3 Nf6 11. f3 Rb8 12. Nc3 Be7 13. Nd4 b4 14. Nce2 g6 15. c4 0-0 16. Nc2 a5 17. Ne3 c6 18. Kh1 Re8 19. a3 d5 20. e5 Nd7 21. f4 dxc4 22. Nxc4 c5 23. axb4 axb4 24. Ng3 Nb6 25. Nxb6 Qxb6 26. f5 Qc6 27. Rf2 Rbd8 28. e6 fxe6 29. fxg6 Rf8 30. Qh5 hxg6 31. Qxg6+ Kh8 32. Nh5 1-0

[Event "Hvar Arsenal op 3rd"]
[Site "Hvar"]
[Date "2024.10.18"]
[Round "7"]
[White "Leriche, Ines"]
[Black "Nikcevic, Nebojsa"]
[Result "0-1"]
[WhiteElo "1964"]
[BlackElo "2374"]
[PlyCount "48"]
[EventDate "2024.10.14"]
[EventType "swiss"]
[EventRounds "9"]
[EventCountry "CRO"]
[SourceTitle "CB43_2024"]
[Source "Chessbase"]
[SourceDate "2024.10.23"]
[SourceVersion "1"]
[SourceVersionDate "2024.10.23"]
[SourceQuality "1"]

1. Nf3 c5 2. e3 g6 3. d4 Bg7 4. d5 Nf6 5. Nc3 0-0 6. Be2 d6 7. 0-0 Na6 8. e4 Rb8 9. Bf4 b5 10. e5 Nh5 11. Be3 Nc7 12. Ng5 Bxe5 13. Bxh5 gxh5 14. Qxh5 Bf5 15. f4 Bg7 16. g4 Bg6 17. Qh4 f5 18. Ne6 Nxe6 19. dxe6 Rf6 20. Rad1 Qf8 21. Qg3 Rxe6 22. h4 h5 23. g5 b4 24. Nd5 Bxb2 0-1

[Event "Hvar Arsenal op 3rd"]
[Site "Hvar"]
[Date "2024.10.15"]
[Round "3"]
[White "Nikolic, Nebojsa"]
[Black "Nikcevic, Nebojsa"]
[Result "1-0"]
[WhiteElo "2231"]
[BlackElo "2374"]
[PlyCount "113"]
[EventDate "2024.10.14"]
[EventType "swiss"]
[EventRounds "9"]
[EventCountry "CRO"]
[SourceTitle "CB43_2024"]
[Source "Chessbase"]
[SourceDate "2024.10.23"]
[SourceVersion "1"]
[SourceVersionDate "2024.10.23"]
[SourceQuality "1"]

1. b3 e5 2. Bb2 Nc6 3. c4 Nf6 4. Nf3 e4 5. Nd4 Bc5 6. e3 0-0 7. Be2 Bxd4 8. exd4 d5 9. d3 exd3 10. Qxd3 Re8 11. 0-0 Bf5 12. Qd1 dxc4 13. bxc4 Nxd4 14. Bxd4 Rxe2 15. Qxe2 Qxd4 16. Na3 Bd3 17. Qd1 c5 18. Re1 Rd8 19. Rc1 a6 20. Qf3 Be4 21. Qe2 Bd3 22. Qe3 Qxe3 23. Rxe3 Be4 24. f3 Bc6 25. Kf1 h5 26. Ke2 Rd4 27. Re5 Rh4 28. h3 Nd7 29. Re8+ Kh7 30. Re7 f6 31. Nb1 Ne5 32. Nd2 Ng6 33. Rc7 Rd4 34. Nb3 Nf4+ 35. Ke3 Nxg2+ 36. Kf2 Nf4 37. Nxd4 cxd4 38. Rd1 Nxh3+ 39. Kg3 Ng5 40. Rxd4 Nxf3 41. Rd5 Ne5 42. Rxc6 bxc6 43. Ra5 g5 44. Rxa6 Kg6 45. a4 f5 46. a5 f4+ 47. Kg2 f3+ 48. Kf2 g4 49. Ra8 h4 50. Rg8+ Kf7 51. Rg5 g3+ 52. Kf1 g2+ 53. Kg1 Kf6 54. Rg8 Kf7 55. a6 Kxg8 56. a7 Kf7 57. a8Q 1-0

[Event "Piraeus GM"]
[Site "Piraeus"]
[Date "2024.09.01"]
[Round "9"]
[White "Kapnisis, Spyridon"]
[Black "Nikcevic, Nebojsa"]
[Result "0-1"]
[WhiteElo "2393"]
[BlackElo "2347"]
[PlyCount "68"]
[EventDate "2024.08.24"]
[EventType "tourn"]
[EventRounds "9"]
[EventCountry "GRE"]
[EventCategory "6"]
[SourceTitle "CBM 221 Extra"]
[Source "ChessBase"]
[SourceDate "2024.09.30"]
[SourceVersion "1"]
[SourceVersionDate "2024.09.30"]
[SourceQuality "1"]

1. c4 c6 2. d4 d5 3. cxd5 cxd5 4. Nf3 Nf6 5. Nc3 Nc6 6. Bf4 a6 7. Rc1 Bf5 8. e3 e6 9. Qb3 Ra7 10. Ne5 Nd7 11. Nxc6 bxc6 12. Na4 Qa5+ 13. Kd1 Be7 14. Be2 0-0 15. g4 Bg6 16. Nc3 c5 17. h4 h6 18. h5 Bh7 19. Rg1 cxd4 20. exd4 Bg5 21. Bxg5 hxg5 22. Na4 Rc7 23. Rxc7 Qxc7 24. Rg3 Nf6 25. Nc5 Ne4 26. Nxe4 Bxe4 27. Rc3 Qf4 28. f3 Rb8 29. Qa3 Bb1 30. Ke1 e5 31. dxe5 d4 32. Rc7 d3 33. Qc3 Qe3 34. Rc8+ Kh7 0-1

[Event "Piraeus GM"]
[Site "Piraeus"]
[Date "2024.08.29"]
[Round "6"]
[White "Nikcevic, Nebojsa"]
[Black "Liu, Casper Yukun"]
[Result "1-0"]
[WhiteElo "2347"]
[BlackElo "2339"]
[PlyCount "81"]
[EventDate "2024.08.24"]
[EventType "tourn"]
[EventRounds "9"]
[EventCountry "GRE"]
[EventCategory "6"]
[SourceTitle "CBM 221 Extra"]
[Source "ChessBase"]
[SourceDate "2024.09.30"]
[SourceVersion "1"]
[SourceVersionDate "2024.09.30"]
[SourceQuality "1"]

1. Nf3 d5 2. e3 Nf6 3. c4 e6 4. d4 Be7 5. Nc3 0-0 6. a3 b6 7. cxd5 exd5 8. b4 Re8 9. Be2 a6 10. 0-0 Bd6 11. Qb3 Bb7 12. a4 Nc6 13. Ba3 a5 14. b5 Nb4 15. Na2 Nxa2 16. Rxa2 Ne4 17. Rc1 Rc8 18. Bf1 g6 19. Rac2 Qd7 20. Ne1 Kg7 21. Nd3 g5 22. Ne5 Qf5 23. Bd3 g4 24. Bxe4 Qxe4 25. Nd7 Bxa3 26. Qxa3 Re6 27. Rxc7 Rxc7 28. Rxc7 Re7 29. Qc1 Ba8 30. Ra7 h5 31. Rxa8 Rxd7 32. Rc8 Re7 33. Qc2 Qxd4 34. g3 Qa1+ 35. Kg2 Qf6 36. Qd1 Re4 37. Qxd5 Re5 38. Qd4 Kh7 39. h4 Qf5 40. Rf8 Qf3+ 41. Kg1 1-0

[Event "Piraeus GM"]
[Site "Piraeus"]
[Date "2024.08.24"]
[Round "1"]
[White "Mayank, Chakraborty"]
[Black "Nikcevic, Nebojsa"]
[Result "1-0"]
[WhiteElo "2425"]
[BlackElo "2347"]
[PlyCount "49"]
[EventDate "2024.08.24"]
[EventType "tourn"]
[EventRounds "9"]
[EventCountry "GRE"]
[EventCategory "6"]
[SourceTitle "CBM 221 Extra"]
[Source "ChessBase"]
[SourceDate "2024.09.30"]
[SourceVersion "1"]
[SourceVersionDate "2024.09.30"]
[SourceQuality "1"]

1. e4 c5 2. Nf3 Nc6 3. Bb5 Nf6 4. Nc3 Qc7 5. h3 Nd4 6. Bc4 a6 7. 0-0 b5 8. Nd5 Nxf3+ 9. Qxf3 Qe5 10. d4 Qxd4 11. Nc7+ Kd8 12. Nxa8 Qxc4 13. e5 Qe4 14. Bd2 d5 15. Qc3 d4 16. Qa5+ Ke8 17. Nc7+ Kd7 18. Nxa6 Bxa6 19. Qxa6 Qxe5 20. Qxb5+ Kc8 21. Rfe1 Qd6 22. c3 e6 23. cxd4 Qxd4 24. Qa6+ Kb8 25. Bc3 1-0

[Event "EU-chT Seniors 50"]
[Site "Terme Catez"]
[Date "2024.05.10"]
[Round "4.1"]
[White "David, Alberto"]
[Black "Nikcevic, Nebojsa"]
[Result "1/2-1/2"]
[WhiteElo "2511"]
[BlackElo "2346"]
[PlyCount "47"]
[EventDate "2024.05.07"]
[EventType "team-swiss"]
[EventRounds "9"]
[EventCountry "SLO"]
[SourceTitle "CBM 220 Extra"]
[Source "ChessBase"]
[SourceDate "2024.07.31"]
[SourceVersion "1"]
[SourceVersionDate "2024.07.31"]
[SourceQuality "1"]
[WhiteTeam "Italy 50"]
[BlackTeam "Montenegro 50"]
[WhiteTeamCountry "ITA"]
[BlackTeamCountry "MNE"]

1. e4 e5 2. Nf3 Nc6 3. Bb5 a6 4. Ba4 Bc5 5. c3 Nge7 6. 0-0 Ng6 7. d4 Ba7 8. Bg5 f6 9. Be3 0-0 10. Nbd2 Kh8 11. Re1 d6 12. h3 Bd7 13. Nf1 Qe8 14. Bc2 f5 15. exf5 Bxf5 16. Bxf5 Rxf5 17. Ng3 Rf8 18. dxe5 Bxe3 19. exd6 Bxf2+ 20. Kxf2 Nce5 21. Kg1 Rxf3 22. gxf3 cxd6 23. Re4 Qe6 24. Qf1 1/2-1/2

[Event "MNT-chT"]
[Site "Herceg Novi"]
[Date "2024.05.01"]
[Round "6.5"]
[White "Nikcevic, Nebojsa"]
[Black "Radonjic, Milan"]
[Result "1-0"]
[WhiteElo "2342"]
[BlackElo "1985"]
[PlyCount "63"]
[EventDate "2024.04.27"]
[EventType "team-tourn"]
[EventRounds "9"]
[EventCountry "MNE"]
[SourceTitle "CBM 220 Extra"]
[Source "ChessBase"]
[SourceDate "2024.07.31"]
[SourceVersion "1"]
[SourceVersionDate "2024.07.31"]
[SourceQuality "1"]
[WhiteTeam "Herceg Novi"]
[BlackTeam "Omladinac Buducnost"]
[WhiteTeamCountry "MNE"]
[BlackTeamCountry "MNE"]

1. c4 c6 2. Nf3 d5 3. e3 Nf6 4. Nc3 e6 5. d4 Nbd7 6. Bd3 dxc4 7. Bxc4 b5 8. Bd3 a6 9. e4 c5 10. d5 c4 11. Bc2 Nc5 12. Bg5 Qc7 13. Qd4 Nfd7 14. e5 exd5 15. Nxd5 Qc6 16. 0-0-0 Bb7 17. Nc3 b4 18. Be4 Nxe4 19. Nxe4 b3 20. a3 Qe6 21. Rhe1 Bxe4 22. Qxe4 Rc8 23. Nd4 Qg6 24. e6 Qxg5+ 25. f4 Nc5 26. fxg5 Nxe4 27. Rxe4 Bc5 28. Nf5 fxe6 29. Nxg7+ Kf7 30. Rd7+ Kg6 31. Rxe6+ Kxg5 32. Rd5+ 1-0